東京の地下鉄 乗換(地下鉄以外含む) - Statistics

General Stats
  • This quiz has been taken 32 times
  • The average score is 41 of 59
Answer Stats
Hint Answer % Correct
10 新宿
93%
2 溜池山王
89%
2 国会議事堂前
89%
6 上野御徒町
89%
7 上野
89%
1 永田町
86%
6 上野広小路
86%
8 淡路町
86%
8 新御茶ノ水
86%
1 赤坂見附
82%
8 小川町
82%
10 新宿西口
82%
23 大門
82%
3 虎ノ門
79%
4 銀座
79%
6 仲御徒町
79%
6 御徒町
79%
9 春日
79%
10 西武新宿
79%
11 有楽町
79%
14 秋葉原
79%
23 浜松町
79%
3 虎ノ門ヒルズ
75%
9 後楽園
75%
11 日比谷
75%
15 明治神宮前
75%
4 銀座一丁目
71%
12 築地
71%
14 岩本町
71%
15 原宿
71%
22 三田
71%
24 馬喰横山
71%
12 新富町
68%
22 田町
68%
24 東日本橋
68%
24 馬喰町
68%
5 三越前
64%
5 新日本橋
64%
7 京成上野
64%
16 町屋
64%
16 町屋駅前
64%
18 王子
64%
18 王子駅前
64%
13 人形町
61%
21 泉岳寺
61%
13 水天宮前
57%
19 雑司が谷
57%
26 新板橋
57%
26 板橋
57%
21 高輪ゲートウェイ
54%
17 東池袋
50%
20 戸越
50%
20 戸越銀座
50%
17 東池袋四丁目
46%
19 鬼子母神前
39%
25 西巣鴨
36%
27 本八幡
36%
27 京成八幡
36%
25 新庚申塚
32%
No matching quizzes found
Score Distribution
Percent of People with Each Score
Percentile by Number Answered
Your Score History
You have not taken this quiz